| 000 | 00837cab a2200277 4500 | ||
|---|---|---|---|
| 001 | WB3219-22 | ||
| 008 | 090401t1996 xxu||||| |||| 00| 0 eng d | ||
| 035 | _a(Sirsi) u1651 | ||
| 041 | _aeng | ||
| 245 | _aChemical waste in the Ribble Valley | ||
| 260 | _c1996 | ||
| 350 | _a0 | ||
| 490 |
_aFinancial Times _v13 May 1996, 8(1) |
||
| 520 | _aThe burning of chemical waste (Cemfuel) in cement kilns has met with disapproval from a number of parties in the Ribble Valley. Map locates main cement and lime kilns. | ||
| 650 | _aCEMENT INDUSTRY | ||
| 650 | _aCEMENT KILNS | ||
| 650 | _aCENFUEL | ||
| 650 | _aCHEMICAL FUEL | ||
| 650 | _aPOLLUTION | ||
| 650 | _aRIBBLE VALLEY | ||
| 650 | _aWASTE INCINERATION | ||
| 650 | _aWASTE MANAGEMENT | ||
| 690 | _aENVIRONMENTAL AND LAND CONSULTANCY | ||
| 942 | _n0 | ||
| 948 | _c04/03/1997 | ||
| 999 |
_c940 _d940 |
||